[Event "Memorial Gashimov - Blitz"]
[Site "Baku"]
[Date "23.12.2021"]
[Round "B12"]
[White "Rapport, Richard"]
[Black "Mamedov, Rauf"]
[Result "0-1"]
[WhiteTitle "GM"]
[BlackTitle "GM"]
[WhiteElo "2763"]
[BlackElo "2656"]
[WhiteFideId "738590"]
[BlackFideId "13401653"]
[EventDate "2021.12.22"]

1. e4 c5 2. Nf3 Nc6 3. Nc3 g6 4. Bc4 Bg7 5. a3 d6 6. d3 Nf6 7. h3 O-O 8. Ba2 Rb8
9. O-O b5 10. Re1 Nd7 11. Nd5 e6 12. Bg5 Nf6 13. Nxf6+ Bxf6 14. Bxf6 Qxf6 15. c3
Ne5 16. Nh2 c4 17. Ng4 Nxg4 18. Qxg4 d5 19. Qg3 Bd7 20. Qc7 Rfd8 21. e5 Qg5 22.
Qxa7 Qd2 23. Rab1 Qxd3 24. Qe3 Qxe3 25. fxe3 f6 26. exf6 Kf7 27. Rf1 e5 28. Rbd1
Bf5 29. Bb1 Bxb1 30. Rxb1 Rb6 31. b3 Ra8 32. bxc4 dxc4 33. Rbd1 Rxf6 34. Rd7+
Ke6 35. Rfd1 Kf5 36. Rf1+ Ke6 37. Rfd1 Kf5 38. Re7 Raa6 39. Kf2 Rxa3 40. g4+
Ke4+ 41. Kg3 Rxc3 42. Kh4 Rxe3 43. Rb1 Rb3 44. Re1+ Kd4 45. R7xe5 h6 46. R5e4+
Kc5 47. g5 hxg5+ 48. Kxg5 Rf2 49. h4 Rg3+ 50. Kh6 Rfg2 51. Re5+ Kb4 52. Rg5 Rxg5
53. hxg5 c3 54. Re6 c2 55. Rc6 Kb3 56. Kxg6 Kb2 57. Rb6 Rxg5+ 0-1

[Event "Memorial Gashimov - Blitz"]
[Site "Baku"]
[Date "23.12.2021"]
[Round "B12"]
[White "Navara, David"]
[Black "Asadli, Vugar"]
[Result "1/2-1/2"]
[WhiteTitle "GM"]
[BlackTitle "GM"]
[WhiteElo "2697"]
[BlackElo "2579"]
[WhiteFideId "309095"]
[BlackFideId "13405764"]
[EventDate "2021.12.22"]

1. e4 c6 2. Nf3 d5 3. d3 Bg4 4. h3 Bh5 5. Nc3 dxe4 6. Nxe4 Nd7 7. Qe2 Qc7 8. g4
Bg6 9. Bg2 O-O-O 10. Nh4 Bxe4 11. dxe4 e5 12. Bd2 Bc5 13. b4 Be7 14. Nf5 g6 15.
Nxe7+ Nxe7 16. O-O g5 17. Bxg5 f6 18. Bh6 Ng6 19. Qe3 Nb6 20. a4 Kb8 21. a5 Nc4
22. Qe2 Qf7 23. Rfd1 Nf4 24. Bxf4 exf4 25. a6 Ne5 26. axb7 Qxb7 27. Ra5 Qb6 28.
g5 Rxd1+ 29. Qxd1 Rd8 30. Qc1 Qxb4 31. Ra3 Qe7 32. Qb2+ Ka8 33. Qa1 fxg5 34. Ra5
c5 35. Rxa7+ Qxa7 36. Qxe5 Rd1+ 37. Kh2 Qb8 38. Qf6 f3+ 39. e5 fxg2 40. Qf3+ Qb7
41. Qxd1 Qe4 42. Qd8+ Kb7 43. Qxg5 Kb6 44. c3 Kb5 45. h4 h5 46. Qg3 Ka4 47. Qe3
Qg4 48. Qg3 Qe4 49. f3 Qe2 50. f4 Qe4 51. Kg1 Kb3 52. Qxg2 Qe1+ 53. Qf1 Qg3+ 54.
Kh1 Qxh4+ 55. Kg2 Qg4+ 56. Kh2 Qh4+ 57. Qh3 Qf2+ 58. Kh1 Qe1+ 59. Kg2 Qe2+ 60.
Kg3 Qe3+ 61. Kg2 Qe2+ 62. Kg1 Qe1+ 63. Qf1 Qg3+ 64. Qg2 Qe1+ 65. Kh2 Qh4+ 66.
Qh3 Qf2+ 67. Kh1 1/2-1/2

[Event "Memorial Gashimov - Blitz"]
[Site "Baku"]
[Date "23.12.2021"]
[Round "B13"]
[White "Mamedov, Rauf"]
[Black "Navara, David"]
[Result "1/2-1/2"]
[WhiteTitle "GM"]
[BlackTitle "GM"]
[WhiteElo "2656"]
[BlackElo "2697"]
[WhiteFideId "13401653"]
[BlackFideId "309095"]
[EventDate "2021.12.22"]

1. e4 e5 2. Nf3 Nc6 3. Bb5 a6 4. Ba4 Nf6 5. Nc3 Bc5 6. d3 d6 7. Bg5 h6 8. Bxf6
Qxf6 9. Nd5 Qd8 10. c3 b5 11. Bb3 O-O 12. h3 Ne7 13. O-O c6 14. Ne3 Bb6 15. d4
Ng6 16. Nf5 Qf6 17. dxe5 dxe5 18. Qd6 Qxd6 19. Nxd6 Be6 20. Rfd1 Rfd8 21. h4
Bxb3 22. axb3 f6 23. h5 Nf4 24. g3 Nh3+ 25. Kg2 Nxf2 26. Rd2 Be3 27. Re2 Rxd6
28. Rxe3 Nd3 29. Re2 Nc5 30. Nh4 Nxb3 31. Ra3 Nc5 32. Nf5 Rd7 33. b4 Na4 34. c4
Rad8 35. Kh3 Kf7 36. cxb5 axb5 37. Rc2 Rc7 38. Ra1 Nb6 39. Rc5 Nd7 40. Rc2 Nf8
41. Ra6 Ne6 42. Rcxc6 Ng5+ 43. Kg4 Rxc6 44. Rxc6 Rd7 45. Nd6+ Ke7 46. Nf5+ Kd8
47. Nd6 Ne6 48. Nxb5 Nd4 49. Rb6 Ke7 50. Nc3 Kf7 51. b5 Rc7 52. Nd5 Rc4 53. Rb7+
Ke6 54. Rb6+ Kd7 55. Rxf6 gxf6 56. Nb6+ Ke6 57. Nxc4 Nxb5 58. Ne3 Nd6 59. Kf3 f5
60. exf5+ Nxf5 61. Ng4 Kd5 62. Nf6+ Kd4 63. g4 Nd6 64. g5 hxg5 65. h6 Nf7 66. h7
Kd3 67. Kg4 e4 68. Nxe4 Kxe4 69. h8=Q Nxh8 70. Kxg5 1/2-1/2

[Event "Memorial Gashimov - Blitz"]
[Site "Baku"]
[Date "23.12.2021"]
[Round "B13"]
[White "Caruana, Fabiano"]
[Black "Anand, Viswanathan"]
[Result "1-0"]
[WhiteTitle "GM"]
[BlackTitle "GM"]
[WhiteElo "2792"]
[BlackElo "2751"]
[WhiteFideId "2020009"]
[BlackFideId "5000017"]
[EventDate "2021.12.22"]

1. e4 e5 2. Nf3 Nc6 3. Bb5 Nf6 4. d3 Bc5 5. Ba4 O-O 6. O-O d6 7. c3 a6 8. h3 b5
9. Bc2 Bb6 10. Re1 h6 11. Be3 Bxe3 12. Rxe3 Ne7 13. d4 Ng6 14. Nbd2 c5 15. Nf1
Qc7 16. Ng3 Be6 17. Bd3 Nf4 18. Bf1 Rfd8 19. d5 Bd7 20. Ne1 c4 21. Nc2 a5 22.
Re1 h5 23. Kh2 h4 24. Nh1 Qc5 25. Qf3 Nh7 26. Qe3 Qxe3 27. Rxe3 Ng5 28. f3 Rab8
29. Nf2 Rdc8 30. b3 cxb3 31. axb3 a4 32. b4 g6 33. Na3 f5 34. Rc1 Kg7 35. Kg1
Nf7 36. Nd3 Nh5 37. Ree1 Ng3 38. Nf2 fxe4 39. Nxe4 Nxe4 40. fxe4 Ng5 41. Bd3 Rf8
42. Re2 Nf7 43. Rf2 Rfc8 44. Rfc2 g5 45. c4 bxc4 46. Rxc4 Rxc4 47. Rxc4 Kf6 48.
Be2 g4 49. hxg4 Nh6 50. b5 Bxg4 51. Bxg4 Nxg4 52. Rxa4 Kg5 53. Rb4 Ne3 54. b6
Kf4 55. b7 Kg3 56. Rb3 Kf4 57. Rb4 Kg3 58. Nb1 Nc2 59. Rb3+ Kf4 60. Nd2 Nd4 61.
Rb1 Ke3 62. Nc4+ Kxe4 63. Nxd6+ Kxd5 64. Nf7 e4 65. Kf2 Nf5 66. Rb5+ Ke6 67.
Ng5+ Kf6 68. Nxe4+ Kg6 69. Nc5 1-0

[Event "Memorial Gashimov - Blitz"]
[Site "Baku"]
[Date "23.12.2021"]
[Round "B13"]
[White "Asadli, Vugar"]
[Black "Karjakin, Sergey"]
[Result "1/2-1/2"]
[WhiteTitle "GM"]
[BlackTitle "GM"]
[WhiteElo "2579"]
[BlackElo "2743"]
[WhiteFideId "13405764"]
[BlackFideId "14109603"]
[EventDate "2021.12.22"]

1. e4 c6 2. d4 d5 3. e5 Bf5 4. Nf3 e6 5. Be2 Ne7 6. O-O h6 7. Nbd2 Nd7 8. Nb3
Qc7 9. a4 g5 10. Ne1 O-O-O 11. f4 f6 12. Bd3 gxf4 13. exf6 Ng6 14. Bxf5 exf5 15.
Qh5 Rg8 16. Qxf5 Bd6 17. Nc5 Bxc5 18. dxc5 Rdf8 19. Bxf4 Nxf4 20. Qxf4 Qxf4 21.
Rxf4 Nxc5 22. Nd3 Nd7 23. Raf1 Rf7 24. h3 Kc7 25. g4 Kd6 26. Kg2 Rg6 27. Kg3 c5
28. b3 a6 29. c4 dxc4 30. bxc4 Rgxf6 31. h4 b5 32. axb5 axb5 33. cxb5 Rxf4 34.
Rxf4 Re7 35. g5 hxg5 36. hxg5 Kd5 37. Nxc5 Nxc5 38. Kg4 Re1 39. Kf5 Ne6 40. Rf2
Kd6 41. Kf6 Nxg5 1/2-1/2

[Event "Memorial Gashimov - Blitz"]
[Site "Baku"]
[Date "23.12.2021"]
[Round "B14"]
[White "Karjakin, Sergey"]
[Black "Mamedov, Rauf"]
[Result "0-1"]
[WhiteTitle "GM"]
[BlackTitle "GM"]
[WhiteElo "2743"]
[BlackElo "2656"]
[WhiteFideId "14109603"]
[BlackFideId "13401653"]
[EventDate "2021.12.22"]

1. d4 Nf6 2. Bg5 g6 3. Nd2 Bg7 4. c3 d6 5. e3 O-O 6. Ngf3 h6 7. Bh4 c5 8. Be2
Nc6 9. O-O Bf5 10. d5 Nb8 11. Bxf6 exf6 12. a4 Re8 13. a5 Bg4 14. Qb3 Qc7 15.
Bb5 Nd7 16. Qa4 h5 17. h3 a6 18. Be2 Bxf3 19. Bxf3 f5 20. h4 Ne5 21. g3 Nxf3+
22. Nxf3 Re4 23. Qb3 Rb8 24. Nd2 Ree8 25. Ra4 Qd7 26. Ra3 f4 27. exf4 Re2 28.
Nc4 Rbe8 29. Qd1 Bh6 30. Qd3 Qh3 31. Nxd6 R8e3 0-1

[Event "Memorial Gashimov - Blitz"]
[Site "Baku"]
[Date "23.12.2021"]
[Round "B14"]
[White "Mamedyarov, Shakhriyar"]
[Black "Caruana, Fabiano"]
[Result "0-1"]
[WhiteTitle "GM"]
[BlackTitle "GM"]
[WhiteElo "2767"]
[BlackElo "2792"]
[WhiteFideId "13401319"]
[BlackFideId "2020009"]
[EventDate "2021.12.22"]

1. d4 d5 2. c4 e6 3. Nc3 c5 4. cxd5 exd5 5. Nf3 Nc6 6. dxc5 d4 7. Na4 Bxc5 8. a3
Be7 9. e3 Bg4 10. exd4 Bxf3 11. Qxf3 Nxd4 12. Qd1 Qa5+ 13. Nc3 Rd8 14. Be3 Nf5
15. Bb5+ Kf8 16. Qf3 Nxe3 17. fxe3 Nf6 18. O-O Qb6 19. Kh1 h5 20. e4 Qe6 21. e5
Ng4 22. Rae1 g6 23. Re4 Kg7 24. Bc4 Qf5 25. Qe2 Qg5 26. Ref4 Kh6 27. h3 Qh4 28.
Ne4 Rhf8 29. Bxf7 Kg7 30. Be6 Rxf4 31. Rxf4 Kh8 32. Bxg4 hxg4 33. Rxg4 Qh6 34.
Qf2 Qh5 35. Nf6 Rd1+ 36. Kh2 Qxe5+ 37. g3 Bxf6 38. Rxg6 Bg7 39. h4 Qe4 0-1

[Event "Memorial Gashimov - Blitz"]
[Site "Baku"]
[Date "23.12.2021"]
[Round "B14"]
[White "Navara, David"]
[Black "Rapport, Richard"]
[Result "0-1"]
[WhiteTitle "GM"]
[BlackTitle "GM"]
[WhiteElo "2697"]
[BlackElo "2763"]
[WhiteFideId "309095"]
[BlackFideId "738590"]
[EventDate "2021.12.22"]

1. d4 e6 2. c4 c5 3. d5 exd5 4. cxd5 d6 5. e4 g6 6. Nc3 Bg7 7. f4 Bxc3+ 8. bxc3
Nf6 9. Bd3 O-O 10. Ne2 Re8 11. c4 b5 12. cxb5 c4 13. Bxc4 Qb6 14. Bb2 Nxe4 15.
Qd4 Qxd4 16. Bxd4 Bg4 17. O-O-O Nd7 18. h3 Bf5 19. Kb2 Rac8 20. g4 Rxc4 21. gxf5
Nf2 22. Bxf2 Rxe2+ 23. Kb3 Rxf4 24. Bd4 Rf3+ 25. Kb4 Rxa2 26. Ra1 Rd2 27. Rhd1
Rxd1 28. Rxd1 Nb6 29. Re1 Nxd5+ 30. Ka4 Nb6+ 31. Ka5 Ra3+ 32. Kb4 Ra4+ 33. Kc3
Kf8 34. f6 Nd5+ 35. Kd3 Nf4+ 36. Kc3 Nd5+ 37. Kd3 Nf4+ 38. Kc3 Ne6 39. Be3 Ke8
40. Rd1 Ra3+ 41. Kd2 Kd7 42. Rc1 Nc7 43. Bh6 Rxh3 44. Bg7 Rh2+ 45. Kd3 Rh3+ 46.
Kc4 Rh5 47. Ra1 Rc5+ 48. Kd3 Nxb5 49. Rh1 h5 50. Rg1 Ke6 51. Re1+ Re5 52. Rc1 h4
53. Rc8 d5 54. Re8+ Kf5 55. Re7 Rxe7 56. fxe7 Nc7 57. Kd4 Ne6+ 0-1

[Event "Memorial Gashimov - Blitz"]
[Site "Baku"]
[Date "23.12.2021"]
[Round "B14"]
[White "Anand, Viswanathan"]
[Black "Asadli, Vugar"]
[Result "1/2-1/2"]
[WhiteTitle "GM"]
[BlackTitle "GM"]
[WhiteElo "2751"]
[BlackElo "2579"]
[WhiteFideId "5000017"]
[BlackFideId "13405764"]
[EventDate "2021.12.22"]

1. e4 c6 2. d4 d5 3. Nc3 dxe4 4. Nxe4 Nf6 5. Nxf6+ exf6 6. c3 Bd6 7. Bd3 O-O 8.
Qc2 Re8+ 9. Be3 h5 10. Ne2 Nd7 11. O-O h4 12. h3 Nf8 13. Rfe1 Be6 14. Bf4 Rc8
15. Rad1 Qc7 16. Bxd6 Qxd6 17. c4 Re7 18. Nc3 Rce8 19. d5 cxd5 20. cxd5 Bd7 21.
Rxe7 Rxe7 22. Qb3 Ng6 23. Bxg6 fxg6 24. Qc4 g5 25. Ne4 Qf4 26. d6+ Re6 27. Qc7
Rxe4 28. Qxd7 Re2 29. Rf1 Rd2 30. Qxb7 Qxd6 31. Qxa7 Rxb2 32. a4 Ra2 33. Re1 Qd2
34. Rf1 1/2-1/2

[Event "Memorial Gashimov - Tie Break"]
[Site "Baku"]
[Date "23.12.2021"]
[Round "ARM"]
[White "Caruana, Fabiano"]
[Black "Rapport, Richard"]
[Result "1-0"]
[WhiteTitle "GM"]
[BlackTitle "GM"]
[WhiteElo "2792"]
[BlackElo "2763"]
[WhiteFideId "2020009"]
[BlackFideId "738590"]
[EventDate "2021.12.23"]

1. d4 e6 2. Nf3 Nf6 3. Bf4 c5 4. e3 Be7 5. Nbd2 cxd4 6. exd4 O-O 7. c3 b6 8. Bd3
Ba6 9. Bxa6 Nxa6 10. O-O Nc7 11. a4 a6 12. c4 d5 13. b3 dxc4 14. bxc4 b5 15.
axb5 axb5 16. Rxa8 Nxa8 17. c5 Nd5 18. Bg3 Nac7 19. Qb3 Qa8 20. Rb1 Rc8 21. Ne4
b4 22. h4 h6 23. Ne5 Nb5 24. Qf3 Rf8 25. Qd3 Nbc3 26. Nxc3 bxc3 27. Nd7 Rd8 28.
Nb6 Qa5 29. Nxd5 Rxd5 30. c6 Bd6 31. Bxd6 Rxd6 32. Rb8+ Rd8 33. Rxd8+ Qxd8 34.
Qxc3 Qc7 35. Qc5 f6 36. d5 exd5 37. Qxd5+ Kf8 38. Qe6 Qd8 39. g3 Qc7 40. h5 Qd8
41. Kg2 Qc7 42. Kf3 Qd8 43. g4 Qc7 44. Ke4 Qd8 45. Qd7 Qb8 46. c7 Qa8+ 47. Kf4
Qa4+ 48. Qxa4 1-0